|
|
|
|
| LEADER |
00780nab a2200181 i 4500 |
| 001 |
misc26246 |
| 005 |
20191111110311.0 |
| 008 |
170829s1979 hu o 0|| zxx d |
| 040 |
|
|
|a SZTE Miscellanea Repozitórium
|b hun
|
| 041 |
|
|
|a zxx
|
| 100 |
1 |
|
|a Karcsú Sarolta
|
| 245 |
1 |
2 |
|a A harántcsíkolt izom acetilkolinészteráz (AChE) aktivitása patkány embrióban elektronhisztokémiai vizsgálatok alapján
|h [elektronikus dokumentum] /
|c Karcsú Sarolta
|
| 260 |
|
|
|c 1979
|
| 300 |
|
|
|a 111-119
|
| 490 |
0 |
|
|a Kolligátum
|
| 695 |
|
|
|a Neurobiológia, Neurokémia - acetylcholin, Izom - harántcsíkolt - élettan, Idegrendszer - anatómia, Szövettan, Elektronhisztokémia
|
| 700 |
0 |
1 |
|a Tóth Lajos
|e aut
|
| 856 |
4 |
0 |
|u http://misc.bibl.u-szeged.hu/26246/3/019_002_111-119.pdf
|z Dokumentum-elérés
|